Tamil Cultural Relations With Southeast Asia: (Record no. 187449)

MARC details
000 -LEADER
fixed length control field 00724nam a22001937a 4500
005 - DATE AND TIME OF LATEST TRANSACTION
control field 20220420103957.0
010 ## - LCCN (DPL NO)
LC control number ENG-132333
020 ## - INTERNATIONAL STANDARD BOOK NUMBER
International Standard Book Number 9788187892533
Terms of availability 500.00
035 ## - SYSTEM CONTROL NUMBER
System control number EN-115865
037 ## - SOURCE OF ACQUISITION
Source of stock number/acquisition DBAD/PUB
082 ## - DEWEY DECIMAL CLASSIFICATION NUMBER
Classification number 327.5482059
100 ## - MAIN ENTRY--PERSONAL NAME
Personal name Sachithanantham, Singaravelu
245 ## - TITLE STATEMENT
Title Tamil Cultural Relations With Southeast Asia:
Remainder of title With Special Reference to Tamil Bhakti Literature and the Ramayana Versions/
Statement of responsibility, etc Singaravelu Sachithanantham and Edited by G. John Samuel
260 ## - PUBLICATION, DISTRIBUTION, ETC. (IMPRINT)
Place of publication, distribution, etc Chennai
Name of publisher, distributor, etc The Institute Of Asian Studies
Date of publication, distribution, etc 2012
270 ## - ADDRESS
Address Chemmancherry
City Chennai
Postal code 600119
300 ## - PHYSICAL DESCRIPTION
Extent xi, 349p.
Dimensions 25cm(pbk)
700 ## - ADDED ENTRY--PERSONAL NAME
Personal name Edited by Samuel, G. John
942 ## - ADDED ENTRY ELEMENTS (KOHA)
Source of classification or shelving scheme Dewey Decimal Classification
Item type English Books
Classification part 327.5482059
Call number suffix SAC
Holdings
Withdrawn status Lost status Not for loan Collection code Home library Current library Date acquired Source of acquisition Cost, normal purchase price Full call number Barcode Copy number Cost, replacement price Koha item type
      Non-fiction Central Library Central Library 20/04/2022 DBAD/PUB 500.00 327.5482059 SAC EN-115865 1 500.00 English Books

© Delhi Public Library
Hit Counter
free hit counter